| 000 | 00414nam a22001577a 4500 | ||
|---|---|---|---|
| 005 | 20180809154527.0 | ||
| 008 | 160624b xxu||||| |||| 00| 0 eng d | ||
| 020 | _a978-81-315-0007-1 | ||
| 041 | _aeng | ||
| 082 |
_b9690 _a658.3 |
||
| 100 |
_aDowling, Peter J and Weich, Denice E _92637 |
||
| 245 | _aInternational Human Resource Management | ||
| 260 |
_bCengage _c2010 _aAustralia |
||
| 300 | _a320p, | ||
| 942 | _cBK | ||
| 999 |
_c3772 _d3771 |
||